[Event "BEL-chT 1112"]
[Site "Belgium"]
[Date "2012.03.04"]
[Round "9.8"]
[White "Aerts, Eric"]
[Black "Le Quang, Kim"]
[Result "0-1"]
[WhiteElo "2016"]
[BlackElo "2326"]
[PlyCount "71"]
[EventDate "2011.10.09"]
[EventType "team-tourn"]
[EventRounds "11"]
[EventCountry "BEL"]
[SourceTitle "EXT 2013"]
[Source "ChessBase"]
[SourceDate "2012.11.22"]
[SourceVersion "1"]
[SourceVersionDate "2012.11.22"]
[SourceQuality "1"]
[WhiteTeam "Borgerhout"]
[BlackTeam "Fontaine"]
[WhiteTeamCountry "BEL"]
[BlackTeamCountry "BEL"]

1. Nc3 c5 2. Nf3 Nc6 3. d4 cxd4 4. Nxd4 d6 5. g3 Bd7 6. Bg2 a6 7. 0-0 e6 8. e4 Nf6 9. Bg5 Be7 10. Re1 0-0 11. Qd2 h6 12. Nxc6 Bxc6 13. Bf4 Rc8 14. Rad1 e5 15. Be3 Qc7 16. Re2 b5 17. a3 Qb7 18. Nd5 Nxd5 19. exd5 Bd7 20. h3 Bf5 21. c3 a5 22. f4 exf4 23. Bxf4 b4 24. axb4 axb4 25. Qe3 Rfe8 26. g4 Bd7 27. Qg3 bxc3 28. bxc3 Bf8 29. Rde1 Rxe2 30. Rxe2 Qa6 31. Qf3 Qa1+ 32. Kh2 Rxc3 33. Qf2 Qa4 34. Re4 Rc2 35. Rxa4 Rxf2 36. Kg3 0-1

[Event "BEL-chT 1112"]
[Site "Belgium"]
[Date "2012.01.15"]
[Round "6.6"]
[White "Aerts, Eric"]
[Black "Coenen, Norbert"]
[Result "0-1"]
[WhiteElo "2016"]
[BlackElo "2345"]
[PlyCount "72"]
[EventDate "2011.10.09"]
[EventType "team-tourn"]
[EventRounds "11"]
[EventCountry "BEL"]
[SourceTitle "EXT 2013"]
[Source "ChessBase"]
[SourceDate "2012.11.22"]
[SourceVersion "1"]
[SourceVersionDate "2012.11.22"]
[SourceQuality "1"]
[WhiteTeam "Borgerhout"]
[BlackTeam "Eynatten II"]
[WhiteTeamCountry "BEL"]
[BlackTeamCountry "BEL"]

1. Nc3 d5 2. e4 dxe4 3. Nxe4 Qd5 4. Nc3 Qa5 5. d4 Nf6 6. Nf3 c6 7. Bd2 Bf5 8. Bc4 e6 9. 0-0 Qc7 10. Re1 Be7 11. Ne5 Nbd7 12. Bf4 Bd6 13. Bd3 Bg6 14. Qf3 Bxd3 15. Qxd3 Rd8 16. Qf3 0-0 17. Rad1 a6 18. Rd3 Nd5 19. Nxd5 cxd5 20. c3 b5 21. Qg3 Nb6 22. Qh4 f6 23. Rh3 g5 24. Bxg5 fxg5 25. Qxg5+ Qg7 26. Qh4 Be7 27. Qh5 Rf5 28. Qe2 Re8 29. f4 Kh8 30. Rg3 Qf8 31. Qg4 Bf6 32. Ng6+ hxg6 33. Qxg6 Bg7 34. Rh3+ Kg8 35. Rxe6 Rxf4 36. Qh7+ Kf7 0-1

[Event "Kalamazoo op10"]
[Site "Kalamazoo"]
[Date "1999.10.16"]
[Round "1"]
[White "Tuzeneu, Jim"]
[Black "Aerts, Eric"]
[Result "1-0"]
[WhiteElo "827"]
[BlackElo "484"]
[PlyCount "37"]
[EventDate "1999.10.16"]
[EventType "swiss"]
[EventRounds "3"]
[EventCountry "USA"]
[SourceTitle "EXT 2007"]
[Source "ChessBase"]
[SourceDate "2006.11.23"]
[SourceVersion "1"]
[SourceVersionDate "2006.11.23"]
[SourceQuality "1"]

1. e4 e5 2. Nf3 c6 3. Nxe5 Qa5 4. Nc4 Qc5 5. d4 b5 6. dxc5 Bxc5 7. Ne5 Nh6 8. Be2 g6 9. Bxh6 d6 10. Nd3 Bb6 11. Bg5 f6 12. Bxf6 Rf8 13. Bh4 Rf4 14. Nxf4 Ba5+ 15. Nd2 Na6 16. 0-0 Bxd2 17. Qxd2 Nc5 18. Qxd6 Nxe4 19. Qe7# 1-0